[Event "Wales Seniors Ch"]
[Site "?"]
[Date "2023.09.09"]
[Round "2.9"]
[White "Hurn, Robert AJ"]
[Black "Cooke, Mark"]
[Result "0-1"]
[WhiteElo "1544"]
[BlackElo "1413"]
[Annotator "User"]
[PlyCount "120"]
[EventDate "2023.09.09"]
[SourceVersionDate "2023.09.14"]

{[%evp 0,120,25,5,128,5,64,59,71,61,113,75,118,84,82,69,92,56,66,50,85,65,80,25,32,49,45,35,38,-5,31,0,44,28,43,42,15,40,53,46,105,81,94,58,51,48,106,82,183,122,120,66,4,-55,-9,-241,-242,-251,-245,-245,-211,-423,-254,-254,-251,-272,-266,-320,-297,-329,-322,-329,-255,-315,-290,-339,-388,-536,-239,-275,-311,-316,-329,-372,-317,-368,-303,-296,-288,-335,-338,-386,-389,-404,-401,-418,-395,-425,-435,-435,-403,-415,-389,-496,-369,-430,-465,-490,-361,-458,-492,-524,-586,-586,-497,-593,-593,-791,-831,-907,-925,-1116,-1155]} 1. d4 c6 2. c4 d6 3. Nc3 h6 4. e4 e6 {8-0-0} (4... g5 {6-1-8}) 5. Nf3 Ne7 6. Bd3 Nd7 7. Qe2 a6 {so far a variant of a Hippopotamous, except that usually both Bs get fianchettoed} 8. a4 e5 9. d5 c5 {now it has transposed to a Czech Benoni} 10. Be3 Ng6 11. g3 Be7 12. h4 $18 {Bl is short of space} Nf6 13. h5 (13. Nh2 $18 {SF15- pushing the pawn , gains space, but might allow Bl a bit of play later on the bl squares}) 13... Nf8 14. Nh2 Bd7 15. g4 N6h7 16. Kd2 (16. f4 Bh4+ 17. Kd2 Bg3 18. Rag1 exf4 19. Rxg3 fxg3 20. e5 dxe5 21. Ne4 Qa5+ 22. Kc1 O-O-O 23. Nd6+ Kb8 24. Nxf7 gxh2 25. Nxh8 $16 {SF16}) 16... Qc7 (16... Bg5 $14 {SF16}) 17. f4 {a drawback of Wh's break is that all but one of his pawns are now on wh squares, thus making the B on d3 inactive. Hence SF moves to exchange it off on a4.} (17. a5 Bg5 18. Bc2 Rb8 19. Nf1 $16 {SF16}) 17... exf4 18. Bxf4 f6 $6 {the natural move is} (18... Bg5 {when in a cramped position it makes sense to swap off some pieces, so the remaining ones can move more freely. The bl B is bad as it is, and the pawn move of the text makes it worse.Also keeping the pair of Ns (rather than Ng5) are preferable in a blocked position.}) 19. Rhg1 O-O-O $2 {The K is more vulnerable on the Q side which can be opened than in the blocked centre} 20. a5 $18 (20. b4 cxb4 21. Nb5 $18 {SF16}) 20... Ng5 21. Rgb1 {the N can be left as it is not threatening anything. If instead Bl had exchanged the B one7 for Wh's B, then a R could add some pressure on the e file ( Bl's K would be quite safe posted at f7 as well)} Be8 22. b4 Nh3 23. Be3 g5 (23... f5 {is a suggestion of SF16- to at least get the KB into the game} 24. exf5 Bf6 25. Nf3 Nh7 {though then it continues} 26. bxc5 dxc5 27. Qh2 Qxh2+ 28. Nxh2 N3g5 29. Re1 Bd7 30. Bxc5 $18 {SF16-and Wh gets to the K via the centre pawn push}) 24. bxc5 (24. b5 {SF16, when if} f5 25. e5 f4 26. bxa6 fxe3+ 27. Qxe3 bxa6 28. Rb6 {and in effect is several pices up, as the KR ,KB and Ns will not be able to contribute much to the defence of the K}) 24... dxc5 25. Rb6 (25. e5 $1 {a sweeper ( Kmoch) gives Wh's pieces access to e4 and f5-SF16}) 25... Nd7 26. Rb2 Nf4 27. Qf2 (27. Bxf4 Qxf4+ 28. Kc2 Ne5 29. Rab1 Rd7 30. Rf1 Qg3 31. Nf3 Nxg4 32. e5 Bxh5 33. e6 Rc7 34. Qd2 Rf8 35. Ne4 Qf4 36. Qxf4 gxf4 37. Kc1 Ne3 $11 {SF16}) 27... Nxd3 28. Kxd3 Ne5+ $19 29. Ke2 Nxc4 30. Rb3 Nxa5 (30... Nxe3 $1 31. Qxe3 Qxh2+ $19 {is even stronger}) 31. Rbb1 Nc4 32. Bc1 Bd6 (32... Rd6 33. Nf1 Rb6 {SF16- removes some of the pressoff the K}) 33. Nf1 Bd7 34. Qg2 Be5 35. Rb3 Bxc3 (35... Rhe8 $1 {brings the last inactive piece into play, while retaining all other threats}) 36. Rxc3 Bb5 (36... Qe5 {at once is also very strong}) 37. Ke1 Qe5 38. Qg3 (38. Qc2 Rhe8 $19) 38... Rhe8 (38... Qxe4+ 39. Be3 Qxd5 $19) 39. Qxe5 Rxe5 40. Ng3 Rdxd5 41. Kf2 Rd8 (41... Rd1) 42. Be3 Nxe3 (42... b6 {also}) 43. Kxe3 Rde8 44. Rd1 Kc7 45. Rdc1 b6 {the 3 connected Q side pawns should be able to advance soon} 46. Re1 Bc6 47. Kd3 b5 48. Ra3 b4 49. Ra2 Bb5+ 50. Ke3 Rd8 51. Kf2 b3 52. Rb2 c4 53. Nf5 Rde8 54. Kf3 a5 55. Nxh6 a4 56. Nf7 a3 57. Rh2 R5e7 58. Nxg5 fxg5 59. h6 Bc6 60. Rhe2 a2 0-1

[Event "Wales Seniors Ch"]
[Site "?"]
[Date "2023.09.09"]
[Round "3.1"]
[White "Havard, Gwyn"]
[Black "Miles, Richard"]
[Result "1-0"]
[WhiteElo "1848"]
[BlackElo "1967"]
[Annotator "User"]
[PlyCount "117"]
[EventDate "2023.09.09"]
[SourceVersionDate "2023.09.14"]

{[%evp 0,19,28,11,100,88,79,35,51,26,62,34,34,34,34,34,40,10,54,56,56,47]} 1. e4 c5 2. Nc3 Nc6 3. f4 e6 (3... g6 4. Nf3 Bg7 5. Bc4 e6 6. d3 Nge7 7. Be3 $2 d5 {Havard-Jukes, Welsh Open, Cardiff 2022,0-1 ( 32 other games)}) 4. Nf3 Nge7 (4... d5 5. Bb5 {main} Nge7 6. exd5 exd5 7. Qe2 a6 8. Bxc6+ bxc6 9. d3 g6 10. O-O Bg7 11. Re1 Ra7 12. Qf2 O-O {Neil-Miles, 4NCL 2003,1/2-1/2}) 5. d4 {main} cxd4 6. Nxd4 Nxd4 7. Qxd4 Nc6 8. Qf2 d6 {7-2-1} (8... d5 {209 games, 47% for Wh}) 9. Be3 Be7 10. Rd1 $146 (10. O-O-O {4-2}) (10. Be2 O-O 11. O-O Qc7 {Gundogan-Can, TUR ch tm 2012,1-0}) 10... Qc7 11. Bb5 O-O 12. O-O Bd7 13. f5 (13. Be2 Na5 14. Bd4 Qc8 (14... f6 15. Rd3 $16) 15. f5 $16 {SF16}) 13... a6 (13... Bf6 14. a4 Bxc3 15. bxc3 f6 16. Bc4 Rfe8 17. Qd2 Ne5 18. Bb3 Nc4 19. Qd4 Nxe3 20. Qxe3 Kh8 $11 {SF16}) 14. Bb6 Qc8 15. Bd3 (15. Bc4 Ne5 16. Bb3 $14 {SF16}) 15... Ne5 16. Qg3 Kh8 $11 17. Bd4 Bf6 18. Ne2 b5 19. Qh3 (19. c3) 19... Qb7 20. Nf4 (20. c3) 20... Nf3+ 21. Rxf3 Bxd4+ 22. Kh1 Be5 (22... exf5 23. exf5 h6 24. c3 Bf6 25. Nh5 Be5 $11 {SF16}) 23. c3 (23. f6 $1 $18 gxf6 24. Qh4 Rg8 25. Rh3 Rg7 26. Nh5 Rg6 27. Nxf6 h6 28. Ng4 $18 {SF16}) 23... Rae8 (23... h6 $11) 24. fxe6 (24. f6 Bc6 25. Nh5 g5 26. Ng7 Rg8 27. Qg4 Rxg7 28. fxg7+ Kxg7 29. Qxg5+ Kh8 30. Rdf1 $16 {SF16}) 24... fxe6 $2 (24... Bxe6 25. Nxe6 fxe6 26. Qxe6 g6 27. Qg4 Qe7 28. Rdf1 Kg7 $11 {SF16}) 25. Ng6+ $18 Kg8 26. Nxf8 Rxf8 27. Rxf8+ Kxf8 28. Qxh7 Bc6 29. Rf1+ Bf6 30. g4 Ke8 31. Qg6+ Kd8 32. g5 (32. Rxf6 gxf6 33. Qxf6+ Kc7 (33... Qe7 34. Qxe7+ Kxe7 35. Kg2) 34. Qxe6 $18 {SF16}) 32... Be5 33. Rf8+ Kc7 34. Rf7+ Bd7 35. Qxe6 Kc8 36. Qd5 (36. Qe7) 36... Bc6 37. Rxb7 Bxd5 38. Re7 (38. Rxg7 Bxe4+ 39. Bxe4 Bxg7 40. Kg2 $18 {SF16}) 38... Bc6 (38... Bxa2 39. h4 g6 40. Ra7 Bb3 41. Rxa6 $18 {Sf16}) 39. Rf7 Bd7 40. Rf2 Be6 41. Bb1 Kc7 42. Kg2 Kc6 43. h4 d5 44. Kf3 (44. h5) 44... d4 45. cxd4 Bxd4 46. Rd2 Be5 47. b3 b4 48. Bd3 Bc3 49. Rc2 a5 50. Ke3 (50. h5) 50... Kd6 51. Rxc3 bxc3 52. Kd4 a4 53. Kxc3 (53. bxa4) 53... axb3 54. axb3 Ke5 55. Bc4 Bc8 56. Kd3 Kf4 57. Kd4 Kg4 58. e5 Kxh4 59. g6 1-0

[Event "Wales Seniors Ch"]
[Site "?"]
[Date "2023.09.09"]
[Round "3.2"]
[White "Saunders, Walter NR"]
[Black "Hughes, Anthony"]
[Result "1/2-1/2"]
[WhiteElo "1943"]
[BlackElo "1838"]
[Annotator "User"]
[PlyCount "48"]
[EventDate "2023.09.09"]
[SourceVersionDate "2023.09.15"]

{[%evp 0,28,26,10,24,24,24,24,29,4,25,-8,22,-20,31,-1,4,6,-7,3,-15,-10,-10,-10,-17,-10,16,-7,-11,-16,-2]} 1. d4 d5 2. Bf4 Nf6 3. e3 e6 4. Bd3 Bd6 5. Bxd6 (5. Bg3 {main}) 5... Qxd6 (5... cxd6 {takes away e5 square from Wh, and Wh scores 33%}) 6. c3 O-O 7. Nd2 c5 8. Ngf3 {130 games 47% for Wh} (8. f4 {94 games,51 % for Wh}) 8... Nc6 9. O-O e5 10. dxe5 Nxe5 11. Nxe5 Qxe5 12. Nf3 Qe7 13. h3 Bd7 $11 {Bl has an easier game than Wh} (13... b6 {main}) 14. Rc1 (14. Qc2 {14 games, 29% for Wh}) 14... Rad8 (14... Rfe8 15. Re1 b6 16. Bb1 Bc6 17. Qe2 Rad8 $11 {Tittarelli-Nowak,LSS email2012,0-1}) 15. Bb1 Rfe8 $15 16. Qd3 g6 17. Rfd1 Bf5 (17... Bc6 $15 {SF16}) 18. Qb5 Bxb1 19. Rxb1 Rd7 20. Rd3 Red8 21. Rbd1 Kg7 22. Qa4 b6 23. Qh4 Qe4 24. Qg3 (24. Qxe4 dxe4 $11) 24... h6 $11 1/2-1/2

[Event "Wales Seniors Ch"]
[Site "?"]
[Date "2023.09.09"]
[Round "3.3"]
[White "Adams, Mark"]
[Black "Van Kemenade, R."]
[Result "0-1"]
[WhiteElo "1898"]
[BlackElo "1924"]
[Annotator "User"]
[PlyCount "42"]
[EventDate "2023.09.09"]
[SourceVersionDate "2023.09.09"]

{[%evp 0,13,16,28,39,10,60,21,36,28,28,41,43,39,34,14]} 1. e4 e5 2. Nf3 Nf6 3. Nxe5 d6 4. Nf3 Nxe4 5. Nc3 Nxc3 (5... Nf6 6. d4 Be7 7. Bd3 O-O 8. Be3 c5 9. h3 Nc6 10. a3 a6 11. Qd2 b5 {Adams-Van Kemenade, WCPL 2011,1-0}) 6. dxc3 Be7 7. Bf4 (7. Be3 {main} O-O 8. Qd2 Nd7 9. O-O-O Nf6 10. Bd3 (10. h3 c5 11. g4 Be6 12. c4 b5 13. Ng5 Bxc4 14. Bxc4 bxc4 15. Bf4 d5 16. Nf3 d4 17. Qe2 c3 18. b3 Nd5 19. Bg3 Qa5 20. Kb1 Qa3 {Toczek-Van Kemenade, WLS ch blitz 2023,0-1}) 10... c5) 7... O-O 8. Qd2 Nd7 {main} (8... b6 9. O-O-O Bb7 10. Bc4 (10. Kb1 Nd7 11. Nd4 Nc5 12. Nf5 Bf6 13. f3 Qd7 14. Ne3 Ne6 {Staehelin-Van Kemenade,, wld seniors 2017,0-1}) 10... Bxf3 11. gxf3 Nd7 12. Rhg1 {Adams-Van Kemenade,European Club Cup, Skopje 2015,1-0}) 9. O-O-O Nc5 10. Be3 {main} Ne4 (10... Re8 {main}) 11. Qd5 (11. Qe1 Re8 $15 {1-1-5}) 11... Nf6 12. Qd2 c5 {and there is a transposition to Be3 lines rather than Bf4 lines, as noted by Swapnil Dhopade in his book. Except that Wh is a tempo down, as he usually has by now played Bd3 already!} 13. c4 b5 (13... a6 14. h4 b5 15. h5 h6 16. Bf4 Ra7 17. Bd3 Re8 18. a3 d5 $17 {Vieth-Gisemann,MS-Ger email 2011, 1/2--1/2}) 14. Bd3 {[Draw?]} Be6 15. Ng5 {cf Toczek-Van Kemenade, cited earlier} (15. cxb5 a6 $17) 15... Bxc4 $19 16. Bxc4 (16. Rhe1 Bxa2 $19 {SF16}) 16... bxc4 17. h4 {the routine Wh attack gets nowhere against Bl's rapid Benko type line openings on the Q side} d5 (17... Rb8 18. Bf4 h6 $19 {SF16}) 18. f3 (18. c3 h6 19. Kb1 Rb8 20. Ka1 Qd7 21. Qc2 Rfe8 $19 {SF16}) 18... d4 19. Bf2 (19. Bf4 c3 20. Qd3 Qa5 (20... Bd6 21. Bxd6 cxb2+ 22. Kxb2 Qxd6 23. Rhe1 Rab8+ 24. Ka1 h6 $18 {SF16}) 21. Qc4 Rad8 22. Kb1 Nd5 23. Bc1 Nb4 24. a3 cxb2 25. Bxb2 Nd5 $19 {SF16}) 19... c3 {looks irresistable} 20. Qf4 (20. bxc3 Qa5 21. Qe1 dxc3 {intended by Bl} (21... Rfe8 $19) (21... Bd6 $19) 22. Rd3 Qa3+ 23. Kd1 Qxa2 24. Ne4 (24. Rxc3 Rfe8) 24... Nxe4 25. fxe4 Rad8 26. Qxc3 Qb1+ 27. Ke2 Qxh1 $19 {SF16}) 20... Qb6 21. b3 Bd6 {clock times Wh 20 mins left, Bl 1 hr and 23 mins left} (21... Nd5 22. Qf5 g6 23. Qxd5 Qb4 24. Rde1 Rad8 25. Qc4 Qa3+ 26. Kd1 Bxg5 27. hxg5 Qxa2 $19 {takes a little longer}) 0-1

[Event "Wales Seniors Ch"]
[Site "?"]
[Date "2023.09.09"]
[Round "3.4"]
[White "Davis, Lee"]
[Black "Thomas, Mark"]
[Result "0-1"]
[WhiteElo "1927"]
[BlackElo "1724"]
[Annotator "User"]
[PlyCount "72"]
[EventDate "2023.09.09"]
[SourceVersionDate "2023.09.15"]

{[%evp 0,26,28,24,77,77,97,37,55,28,39,24,56,16,16,19,45,24,31,-59,-47,-47,-32,-27,-27,-92,-66,-66,-68]} 1. d4 d6 2. Nf3 (2. g3 {usual for Wh} e5 3. dxe5 dxe5 4. Qxd8+ Kxd8 5. Bg2 c6 6. Nf3 f6 7. c4 Bd6 (7... Be6 {main}) 8. b3 a5 9. Nc3 Na6 {Davis-Thomas, WLS ch 2010,1-0}) 2... g6 3. g3 Bg7 4. Bg2 Nf6 5. O-O O-O 6. c4 Nc6 (6... Nbd7 {main}) 7. Nc3 a6 8. e4 (8. h3) (8. d5) 8... e5 (8... Bg4 {main, 38% for Wh}) 9. Re1 {0-2-5} (9. d5 Ne7 10. Ne1 Nd7 11. Nd3 f5 12. f4 {2-4-1}) 9... Bg4 10. Be3 (10. d5 {0-4-3}) 10... Nd7 (10... Re8 11. d5 Nd4 {0-1-4}) (10... exd4 11. Bxd4 Nxd4 12. Qxd4 Nd7 $15 {SF16}) 11. d5 (11. Ne2 $11 {SF16}) 11... Nd4 12. Bxd4 exd4 13. Ne2 Bxf3 (13... d3 14. Qxd3 Bxb2 15. Rab1 Bg7 16. Ned4 Nc5 17. Qc2 Re8 $15 {Munanira-Gentilleau, Mallorca Olympiad 2004,0-1}) (13... Qf6 14. Nexd4 (14. Qxd4 Bxf3 15. Qxf6 Bxf6 16. Bxf3 Bxb2 17. Rab1 Ne5 18. Kg2 Nxc4 $17) 14... Bxf3 15. Nxf3 Qxb2 16. Rb1 Qxa2 17. Rxb7 Qa5 $17 {SF16}) 14. Bxf3 Qf6 (14... d3 15. Qxd3 Bxb2 16. Rab1 Bg7 17. Qc2 $11) (14... Ne5 15. Nxd4 Nxc4 16. Rb1 Qf6 17. Be2 Qxd4 18. Qxd4 Bxd4 19. Bxc4 $11 {both SF16}) 15. Bg2 (15. Nc1 Ne5 16. Bg2 Nxc4 17. Nd3 Ne5 18. Rc1 Qe7 19. f4 Nxd3 20. Qxd3 Qd7 21. Rc2 $11 {SF16- though Bl could play on for a win}) 15... c5 (15... d3 16. Qxd3 Qxb2 $17 {SF16}) 16. f4 (16. dxc6 {SF16} bxc6 17. b3 a5 18. Nc1 Nc5 19. Nd3 Nxd3 20. Qxd3 c5 21. Rab1 $11 (21. e5 dxe5 22. Bxa8 Rxa8 $11)) 16... b5 $17 17. cxb5 axb5 $19 18. a4 bxa4 (18... c4 19. axb5 Rxa1 20. Qxa1 d3 21. Nc3 Qd4+ 22. Kh1 Nc5 $19 {SF16}) 19. Rxa4 Nb6 (19... Rxa4 20. Qxa4 d3 21. Qxd7 (21. Nc3 Qd4+ 22. Qxd4 Bxd4+ 23. Kh1 Rb8 $19) 21... Qxb2 22. Bf3 Qd2 23. Kf1 Qc2 24. e5 d2 $19 {SF16}) 20. Rxa8 Rxa8 21. Qb3 (21. b3 c4 22. bxc4 Nxc4 23. Qd3 Ne3 $17 {SF16}) 21... Qd8 $19 22. e5 {Wh is unable to get a N to d3 to blockade the d4 pawn} dxe5 23. fxe5 Bxe5 24. Qf3 Qd6 25. Qe4 Rd8 (25... Nd7 26. Nf4 c4 27. b3 cxb3 28. Nd3 Bg7 $19 {SF16}) 26. b4 (26. Nc1 Bf6 27. b3 c4 28. bxc4 Nxc4 29. Nd3 Ne3 30. Rc1 Qa3 31. Rb1 Nxd5 $19 {SF16}) 26... d3 (26... f5 27. bxc5 (27. Qf3 c4) 27... fxe4 28. cxd6 d3 $19 {Sf16}) 27. Qxd3 cxb4 28. Qb5 Kg7 29. Rc1 Nd7 30. Qc6 Qb8 {Bl's B is far superior to its Wh counterpart} 31. Bh3 Nf6 32. Rc5 b3 (32... Qa7 33. Kh1 b3) 33. Rb5 Qa7+ 34. Qb6 Qxb6+ 35. Rxb6 b2 36. Nf4 Bd4+ 0-1

[Event "Wales Seniors Ch"]
[Site "?"]
[Date "2023.09.09"]
[Round "3.5"]
[White "Thomas, Roy"]
[Black "Batey, Richard"]
[Result "1/2-1/2"]
[WhiteElo "1641"]
[BlackElo "2044"]
[Annotator "User"]
[PlyCount "36"]
[EventDate "2023.09.09"]
[SourceVersionDate "2023.09.15"]

{[%evp 0,13,24,-12,-14,-14,-21,-29,-29,-30,-6,0,0,-17,-5,-5]} 1. f4 d5 2. e3 g6 3. Nf3 Bg7 4. Be2 Bg4 5. O-O Nf6 6. d3 O-O 7. Nc3 (7. Qe1 c5 8. Nc3 Nc6 9. e4 dxe4 (9... Bxf3 10. Bxf3 d4 11. Na4 b6 12. Qg3 Rc8 13. b3 {Thomas-Govindaraj, Tom Weston Major op 2016,1-0}) 10. dxe4 Nd4 11. Bd1 Bxf3 12. gxf3 Nh5 {Thomas-Jukes, Tom Weston Major op 2016,1/2-1/2}) 7... c5 8. e4 d4 (8... e6 9. h3 Bxf3 10. Bxf3 Nc6 {2 draws}) 9. Na4 Qc8 10. c4 Bd7 11. Ne5 Bxa4 (11... Be8 12. a3 b6 13. b4 $11 {SF16}) 12. Qxa4 $16 Nfd7 13. Nxd7 Qxd7 14. Qd1 $16 (14. Qa5 b6 15. Qe1 $16 {SF16}) 14... Nc6 15. f5 (15. e5 f5 16. exf6 Rxf6 17. Bg4 Qd6 18. g3 e5 19. Re1 $16 {SF16}) 15... Qd6 $11 16. Bf4 (16. Qe1 Bf6 17. Bh6 Bg7 18. Bd2 Bf6 $11 {SF16}) 16... Be5 $17 17. g3 Bxf4 (17... Kh8 18. Kh1 Rg8 19. Bd2 g5 $15 {SF16}) 18. Rxf4 (18. gxf4 Kh8 $17 (18... gxf5 19. exf5 Kh8 20. Bf3 $11 {SF16})) 18... g5 $17 {[Draw?]} (18... Ne5 $17 {The N is dealing with a bad B}) 1/2-1/2

[Event "Wales Seniors Ch"]
[Site "?"]
[Date "2023.09.09"]
[Round "3.6"]
[White "Morris, Charles F"]
[Black "Cooke, Mark"]
[Result "1-0"]
[WhiteElo "2029"]
[BlackElo "1413"]
[Annotator "User"]
[PlyCount "81"]
[EventDate "2023.09.09"]
[SourceVersionDate "2023.09.15"]

1. c4 Nf6 2. g3 c6 3. Nf3 d6 (3... d5 {main}) 4. Nc3 Bg4 (4... e5 {main}) 5. Bg2 Bxf3 $146 {usually people wait with this until B challenged by h3} (5... Nbd7) 6. Bxf3 $16 e5 7. d4 Nbd7 8. O-O Be7 9. b3 (9. d5 $16 {SF16} c5 {1.5-0.5}) 9... h6 (9... O-O 10. Bb2 Re8 11. d5 (11. dxe5 dxe5 12. Qc2 $11 {Blanco Gramajo-Aepfler,Titled Tuesday int op blitz 2020,0-1}) 11... c5 12. e4 $16 {Ionescu-Teodorescu, ROM ch, Herculane 1996,1-0}) 10. Bg2 Qa5 11. Bb2 exd4 12. Qxd4 Qh5 13. Rae1 $16 (13. Rad1 $16) 13... Qe5 14. Qd2 Qg5 15. Rd1 (15. f4 Qa5 16. e4 $16 {SF16}) 15... Rb8 16. Qd4 (16. f4 $18 {SF16}) 16... c5 (16... Qc5 17. Qd2 O-O 18. e4 $16) 17. Qd2 $18 (17. Qd3 $18) 17... Qh5 18. Nb5 O-O 19. Nxd6 (19. Nxa7 Ra8 20. Bxf6 Nxf6 21. Nb5 {Sf16}) 19... Bxd6 20. Qxd6 Qxe2 21. Rd2 Qh5 22. h3 Rbe8 23. Qc7 Qf5 24. Qxb7 Ne5 25. f4 (25. Qxa7) 25... Ng6 26. Qf3 Rd8 27. Rxd8 Rxd8 28. Rd1 Re8 29. Qf2 (29. Qd3) 29... h5 30. Bxf6 gxf6 (30... Qxf6 31. Qxc5 h4 32. f5 $18 {SF16}) 31. Rd5 Qb1+ 32. Kh2 Re1 33. Rxh5 Rc1 34. Rd5 Ne7 35. Rd8+ Kg7 36. Qxc5 Re1 37. Re8 Ng6 38. Rxe1 Qxe1 39. Qd4 (39. Qxa7) 39... a5 40. c5 Ne7 41. Qe4 1-0

[Event "Wales Seniors Ch"]
[Site "?"]
[Date "2023.09.09"]
[Round "3.7"]
[White "Phillips, William"]
[Black "Quinn, Peter"]
[Result "1/2-1/2"]
[WhiteElo "1819"]
[BlackElo "1645"]
[Annotator "User"]
[PlyCount "98"]
[EventDate "2023.09.09"]
[SourceVersionDate "2023.09.15"]

1. d4 c6 2. Nf3 d6 3. e4 Nf6 (3... Bg4 {main}) 4. Nc3 Bg4 5. Be2 (5. h3) 5... Nbd7 (5... e6 6. O-O d5 {main idea here}) 6. h3 Bxf3 7. Bxf3 e5 8. d5 Be7 9. O-O O-O {2-2-1} 10. Re1 h6 11. g3 Nb6 12. Bg2 cxd5 13. Nxd5 (13. exd5 $14) 13... Nfxd5 14. exd5 f5 $11 (14... Bg5 15. Bxg5 Qxg5 $17 {SF16- the N will be more agile than the B}) 15. b3 (15. a4) 15... Rc8 16. c4 Nd7 17. g4 (17. Rb1) 17... f4 (17... Bg5 $17 {SF16}) 18. Be4 Rf6 (18... b5 $15 19. cxb5 Rc3 20. Kg2 Bh4 21. Bd2 f3+ 22. Kh2 Bxf2 23. Bxc3 Qh4 24. Rg1 h5 25. Bf5 Rxf5 26. gxf5 Qf4+ 27. Kh1 Nf6 28. Bd2 Qxf5 29. Qf1 Ne4 30. Rg5 Nxg5 31. Bxg5 Bd4 32. Rd1 Bb6 33. a4 e4 {SF16 indicates the 2 centre pawns are equal to R- few humans would have gone down this track}) 19. Qf3 $16 g6 20. h4 Kg7 21. Bc2 (21. Qh3 Nf8 22. a4 Nh7 23. Qd3 Nf8 24. Kh1 $14 {SF16}) 21... b5 22. g5 (22. Bd2 $11 {Sf16}) 22... hxg5 23. hxg5 Rf8 $17 24. Qd3 Rf5 $19 25. Bd2 bxc4 26. bxc4 Rxg5+ (26... Qh8 $1 {threatens to come in on h1 after the g pawn falls} 27. Qf3 Rxg5+ 28. Kf1 Rxc4 29. Bb3 Rh5 30. Ke2 Rd4 31. Rac1 Rh3 32. Rh1 Rxd2+ 33. Kxd2 Rxf3 34. Rxh8 Kxh8 35. Rc8+ Kg7 36. Rc7 Rxf2+ 37. Kc3 Kf8 38. Rxd7 e4 $19 {SF16}) 27. Kf1 Nc5 (27... Qh8) 28. Qf3 Qd7 29. Ke2 Rh8 30. Rh1 Rxh1 31. Rxh1 Qg4 (31... Bd8 $15 32. Kf1 Qg4 $15 {SF16}) 32. Rh3 (32. Qxg4 Rxg4 33. Kf3 Rg5 34. Rb1 $11 {SF16}) 32... e4 $19 33. Bc3+ Bf6 34. Bxf6+ Kxf6 35. Qxg4 Rxg4 $19 {the B can scarcely move and Wh's K is in difficulties} 36. Rh8 a6 (36... Rg1 37. Re8 g5 38. Bxe4 Kf7 $19 {SF16}) 37. Kf1 e3 (37... f3) (37... g5) (37... Ke5 38. Re8+ Kd4 39. Rd8 Kc3 {are all even stronger than the text}) 38. fxe3 fxe3 39. Bb3 Re4 (39... Ke5 $1 {brings the K into the attack}) 40. Ke2 g5 41. Rh3 g4 (41... Ke5 42. Rxe3 Kd4 (42... Kf4 {and in both Bl will mop up all of Wh's pawns, then choose which of his will be Q})) 42. Rxe3 Ke5 43. Kf2 Kf4 (43... Kd4 {if needed the g pawn will be given up, so that Bl gains Wh's 3 Qside pawns in return}) (43... Rxe3 44. Kxe3 Ne4) 44. Rxe4+ Nxe4+ 45. Kg2 a5 (45... Ke3 {also}) 46. Bd1 Nc5 (46... Ke3 47. Bxg4 Kd4 {is a comfortable win for Bl}) 47. Be2 a4 {this creates a vulnerability, the pawn should remain safe on a5} (47... Na4 48. Kf2 Nc3 {and almost anything wins for Bl (except letting the d pawn through to Q)}) 48. a3 Nb3 49. Bd1 Nc5 (49... Nc5 50. Be2 Ke3 51. Bxg4 Kd3 52. Kf2 Kxc4 53. Ke3 Kxd5 (53... Kb3 54. Kd4 Kxa3 55. Kc3 Ne4+ 56. Kc2 Kb4 57. Kb2 {Bl can win the d pawn, but then the Wh K will be too close after taking the a pawn.and the N will be unable to block off the B} Nf6 (57... a3+ 58. Ka1 Nc3 59. Bf3 Kb3 60. Bh5 a2 61. Bd1+ Ka3 62. Bf3 Nb5 63. Be2 Nd4 64. Bd1 {and The N, unlike a B is unable to waste a tempo while keeping up the threat}) 58. Bf3 Kc5 59. Ka3 Nxd5 60. Kxa4 Nc3+ 61. Kb3) 54. Be2 {and the endgame tablebases indicate a drawn position}) 1/2-1/2